Statistics for Actors by Last Name #1

Click here to take the quiz!

General Stats

  • This quiz has been taken 59,896 times
    (59,876 since last reset)
  • The average score is 19 of 28

Answer Stats

FirstLast% Correct
CharlieChaplin
94%
LiamNeeson
93%
MarlonBrando
88%
TomHiddleston
83%
ChristopherWalken
81%
DavidSchwimmer
80%
IanMcKellen
79%
RobertPattinson
79%
GaryOldman
78%
EwanMcGregor
73%
BenKingsley
71%
ClarkGable
71%
SteveBuscemi
70%
JeremyIrons
69%
GeneHackman
68%
MickeyRourke
68%
PeterDinklage
63%
RichardDreyfuss
61%
ZachGalifianakis
60%
LaurenceOlivier
57%
PaulGiamatti
56%
ViggoMortensen
56%
AlecGuinness
54%
HarveyKeitel
54%
JavierBardem
53%
BurtLancaster
50%
CaryElwes
38%
TimothyOlyphant
34%

Score Distribution

Percentile by Number Answered

Percent of People with Each Score

Your Score History

You have not taken this quiz since the last reset